Statistics for HTML Fill in the Blank Quiz

Click here to take the quiz!

General Stats

  • This quiz has been taken 102 times
  • The average score is 6 of 10

Answer Stats

HintAnswer% Correct
Among Sus<{b}>Hi</{b}>
88%
Among Us is a very cool game<{i}>Among Us</{i}> is a very cool game
87%
This is a link!<{a} {href}="https://www.google.com">This is a link!</{a}>
83%
among
us
breaks<{br}>lines
80%
    Among Us Colours
  • Red
  • Green
  • Blue
<ul>Among Us Colours
<{li}>Red</{li}>
<{li}>Green</{li}>
<{li}>Blue</{li}>
</ul>
78%

This text is red!

<p {style}="color: red;">This text is red!</p>
66%

Among Us

Content

<{div}>
<h3>Title</h3>
<p>Content</p>
</{div}>
56%
e = mc2e = mc<{sup}>2</{sup}>
38%

Selecting a section of the paragraph

<p>Selecting a <{span}>section</{span}> of the paragraph</p>
34%
The most sus colour in Among Us is redThe most sus colour in Among Us is <{mark}>red</{mark}>
20%

Score Distribution

Percentile by Number Answered

Percent of People with Each Score

Your Score History

You have not taken this quiz